Faculty of Law Library — Cairo University

Official Online Catalog

الرقابة القضائية لأعمال الإدارة. (Record no. 58718)

MARC details
000 -LEADER
fixed length control field 01404nam a2200325 i 4500
003 - CONTROL NUMBER IDENTIFIER
control field EG-GICUC
005 - DATE AND TIME OF LATEST TRANSACTION
control field 20260122200827.0
008 - FIXED-LENGTH DATA ELEMENTS--GENERAL INFORMATION
fixed length control field 260122b1970 ua ||||f |||| 00| 0 ara d
017 ## - COPYRIGHT OR LEGAL DEPOSIT NUMBER
Copyright or legal deposit number 1970/2091
040 ## - CATALOGING SOURCE
Original cataloging agency EG-GICUC
Transcribing agency EG-GICUC
Modifying agency EG-GICUC
Description conventions rda
Language of cataloging ara
041 0# - LANGUAGE CODE
Language code of text/sound track or separate title ara
082 04 - DEWEY DECIMAL CLASSIFICATION NUMBER
Edition number 21
Classification number 345.693
Item number م ح . ر
092 04 - LOCALLY ASSIGNED DEWEY CALL NUMBER (OCLC)
Edition number 21
099 ## - LOCAL FREE-TEXT CALL NUMBER (OCLC)
Classification number Law1 07 345.693 م ح . ر 1 ed - 1970
100 0# - MAIN ENTRY--PERSONAL NAME
Personal name محمود عاطف البنا
Relator term مؤلف.
245 12 - TITLE STATEMENT
Title الرقابة القضائية لأعمال الإدارة.
Number of part/section of a work الجزء الأول ،
Name of part/section of a work عموميات تنظيم الرقابة القضائية على أعمال الادارة العامة في الجمهورية العربية المتحدة /
Statement of responsibility, etc. إعداد محمود عاطف البنا ، بكر القباني.
250 ## - EDITION STATEMENT
Edition statement الطبعة الأولي
264 #1 - PRODUCTION, PUBLICATION, DISTRIBUTION, MANUFACTURE, AND COPYRIGHT NOTICE
Place of production, publication, distribution, manufacture القاهرة :
Name of producer, publisher, distributor, manufacturer مكتب القاهر الحديث،
Date of production, publication, distribution, manufacture, or copyright notice 1970.
300 ## - PHYSICAL DESCRIPTION
Extent 352 ؛ صفحة
Dimensions 24 سم.
336 ## - CONTENT TYPE
Source rda content
Content type term text
337 ## - MEDIA TYPE
Source rda media
Media type term Computer
338 ## - CARRIER TYPE
Source rda carrier
Carrier type term Online Resource
546 ## - LANGUAGE NOTE
Language note النص باللغة العربية
650 14 - SUBJECT ADDED ENTRY--TOPICAL TERM
Source of heading or term الرقابة القضائية علي اعمال الادارة
650 14 - SUBJECT ADDED ENTRY--TOPICAL TERM
Source of heading or term القانون الإداري
700 ## - ADDED ENTRY--PERSONAL NAME
Personal name بكر القباني
Relator term مؤلف مشارك.
856 40 - ELECTRONIC LOCATION AND ACCESS
Uniform Resource Identifier <a href="https://fll.law.cu.edu.eg/fulltext/bks/B07-02932.pdf">https://fll.law.cu.edu.eg/fulltext/bks/B07-02932.pdf</a>
905 ## - Cataloger and Reviser Names
Cataloger Name: Roqaia Ahmed
942 ## - ADDED ENTRY ELEMENTS (KOHA)
Source of classification or shelving scheme Dewey Decimal Classification
Suppress in OPAC No
Koha item type Books
Edition 21
Holdings
Withdrawn status Lost status Source of classification or shelving scheme Materials specified (bound volume or other part) Damaged status Not for loan Collection Home library Current library Date acquired Total checkouts Full call number Barcode Date last seen Copy number Price effective from Koha item type
    Dewey Decimal Classification V1 يحتاج إلى ترميم Not for loan القانون الإداري جــــامعة القــاهرة مكتبة كلية الحقوق - المبنى الرئيسي 22.01.2026   Law1 07 345.693 م ح . ر 1 ed - 1970 0702932 V1 , C1 B07-02932 22.01.2026 1 22.01.2026 Books
    Dewey Decimal Classification V1 يحتاج إلى ترميم   القانون الإداري جــــامعة القــاهرة مكتبة كلية الحقوق - المبنى الرئيسي 22.01.2026   Law1 07 345.693 م ح . ر 1 ed - 1970 0702933 V1 , C2 B07-02933 22.01.2026 2 22.01.2026 Books
    Dewey Decimal Classification V1     القانون الإداري جــــامعة القــاهرة مكتبة كلية الحقوق - فـرع الشيخ زايد 25.01.2026   Law2 07 345.693 م ح . ر 1 ed - 1970 0702935 V1, C3 B07-02935 25.01.2026 3 25.01.2026 Books

© All rights reserved — Faculty of Law, Cairo University